000 01117cam a2200277 a 4500
999 _c6739
_d6739
001 13657075
003 OSt
005 20200311112640.0
008 040716r20041983nyua 001 0 eng
010 _a 2004056144
020 _a0486438139 (pbk.)
040 _aDLC
_cDLC
_dDLC
082 0 0 _a523.18
_222
_bTRE 1983
100 1 _aTrefil, James,
_d1938-
_913829
245 1 4 _aThe moment of creation :
_bbig bang physics from before the first millisecond to the present universe /
_cJames S. Trefil ; illustrations by Gloria Walters.
260 _aMineola, NY :
_bDover Publications,
_c1983.
300 _avi, 234 p. :
_bill. ;
_c21 cm.
500 _aOriginally published: New York : Scribner, c1983.
500 _aIncludes index.
650 0 _aBig bang theory.
_98148
650 0 _aCosmology
_xHistory.
_913830
856 4 2 _3Publisher description
_uhttp://www.loc.gov/catdir/enhancements/fy0618/2004056144-d.html
906 _a7
_bcbc
_corignew
_d1
_eocip
_f20
_gy-gencatlg
942 _2ddc
_cO_SHELF